MLB Player Nicknames - Statistics

General Stats
  • This quiz has been taken 900 times
    855 since last reset
  • The average score is 7 of 16
Answer Stats
Nickname Answer % Correct
Big Papi David Ortiz
99%
A-Rod Alex Rodriguez
94%
King Felix Felix Hernandez
77%
Crush Davis Chris Davis
76%
Panda Pablo Sandoval
71%
ToddFather Todd Frazier
60%
The Cuban Missile Aroldis Chapman
58%
Thor Noah Syndergaard
58%
Joey Bats Jose Bautista
56%
The Dark Knight Matt Harvey
31%
Millville Meteor Mike Trout
29%
Chooch Carlos Ruiz
8%
Laser Show Dustin Pedroia
8%
Shark Jeff Samardzija
5%
Big Piece Ryan Howard
5%
Bigfoot Giancarlo Stanton
3%
No matching quizzes found
Score Distribution
Percent of People with Each Score
Percentile by Number Answered
Your Score History
You have not taken this quiz since the last reset